000 00423nam a2200169Ia 4500
005 20230411135843.0
008 131103s9999 xx 000 0 und d
040 _aLoreto College
041 _aEnglish
082 _a823.09
_bCOL
245 _aApproaches to the novel
_cedited by John Colmer
260 _aEdinburgh
_bOliver
_c1967
300 _a[x],136 p.
700 _aColmer,John,ed.
850 _aLCLIB
942 _cBK
999 _c4616
_d55095